Normal view
MARC view
- Slavery
Entry Topical Term
001 - CONTROL NUMBER
- control field: 117989
003 - CONTROL NUMBER IDENTIFIER
- control field: NUST
005 - DATE AND TIME OF LATEST TRANSACTION
- control field: 20230917111935.0
008 - FIXED-LENGTH DATA ELEMENTS
- fixed length control field: 230917|| aca||aabn | a|a d
040 ## - CATALOGING SOURCE
- Original cataloging agency: NUST
- Transcribing agency: NUST
150 ## - HEADING--TOPICAL TERM
- Topical term or geographic name entry element: Slavery
- Topical term or geographic name entry element: Human rights
670 ## - SOURCE DATA FOUND
- Source citation: Work cat.: (NUST)595281: Muhammad Ashraf Chheenah 113616, Slavery and human rights through the ages : from ancient to the medieval periods Vol-1, 2017.
